000 00824nam a22001817a 4500
005 20120202145738.0
020 _c300.00
_a8173231383
035 _aB-211858
037 _b
_adpl
082 _a070.4
100 _aजैदी, एस.एच.मुस्तफ़ा
_940613
245 1 _aटेलीविज़न समाचारः लेखन और वाचन /
_cएस.एच.मुस्तफ़ा जैदी
260 _aनई दिल्ली
_bसुलभ प्रकाशन
_c2004
270 _a
_b
_e
_k
300 _a284पृ.
_c22सेमी (सजिल्द)
942 _adpl
_cHN
_k
_2ddc
_h070.4
_mजैदीए
999 _c61837
_d61837